Statistics for Top 10 Countries with the Most Large Cities

Click here to take the quiz!

General Stats

  • This quiz has been taken 290 times
  • The average score is 9 of 10

Answer Stats

#Country% Correct
104China
100%
53United States
100%
56India
99%
20Brazil
97%
16Russia
94%
14Japan
91%
15Indonesia
90%
15Mexico
89%
10United Kingdom
84%
10Nigeria
74%

Score Distribution

Percentile by Number Answered

Percent of People with Each Score

Your Score History

You have not taken this quiz